000 00935cad a22002295a 4500
001 E148730
008 091028s2009 xxkd f 000 0 eng d
035 _a(Sirsi) u148730
041 0 _aeng
050 0 4 _a333.33 $2 18
110 2 _aJones Lang LaSalle
_93755
245 0 0 _aEuropean industrial markets
_bhave we reached the bottom?
_h[electronic resource]
260 _aLondon
_bJLL
_c2009
490 0 _aOn Point
_vAutumn 2009
520 _aReports that occupiers are in a strong position, with falling rents, increasing levels of vacancy, and favourable lease terms. Expects prime yields to stabilise in most markets in H2 2009, with yields hardening in the UK already.
521 _aAdvanced
590 _aKA
651 4 _aEurope
690 _aPROPERTY-COMMERCIAL PROPERTY-COMMERCIAL PROPERTY MARKET
856 4 0 _uhttps://www.joneslanglasalle.eu
_zView the research free of charge at www.joneslanglasalle.eu...
942 _n0
999 _c110190
_d110190